000 01087nmc a2200313 a 4500
003 AR-BaBNM
005 20251128204751.0
008 185119s1991 ||||||||||||||000 | spa||
020 _a968-16-3641-4
040 _cAR-BaBNM
100 1 _aRaiffa, Howard
245 1 0 _aEl arte y la ciencia de la negociación
250 _a1ª ed.
260 _aMéxico, D.F.
_bFondo de Cultura Económica
_c1991
300 0 _a367 p.
_bgráfs., tablas
490 0 _aEconomía contemporánea
500 1 _aLa obra en sí: el arte y la ciencia de la negociación, constituye más un tema capitular de la ciencia política y del arte de la conducción, que una obra específica de economía. Pero, naturalmente, en las circunstancias actuales, el arte de que trata, asum
650 4 _aCIENCIAS POLITICAS
650 4 _aSOCIOLOGIA ECONOMICA
650 4 _aPODER ECONOMICO
650 4 _aVALOR ECONOMICO
650 4 _aACUERDOS ECONOMICOS
650 4 _aECONOMIA
650 4 _aPOLITICA
650 4 _aDIPLOMACIA
700 1 _aCárdenas, Guillermo
_etraductor
942 _cBK
998 _cEnrique
999 _c8741
_d8741